The stoic tradition from antiquity to the early middle ages.
Zapisane w:
| 1. autor: | |
|---|---|
| Format: | Książka |
| Wydane: |
Leiden, The Netherlands:
E.J. Brill,
1990.
|
| Wydanie: | Second impression with addenda and corrigenda. |
| Hasła przedmiotowe: | |
| Etykiety: |
Dodaj etykietę
Nie ma etykietki, Dołącz pierwszą etykiete!
|
MARC
| LEADER | 00000nam a22000007a 4500 | ||
|---|---|---|---|
| 003 | CL-VaPUC | ||
| 005 | 20230907091036.0 | ||
| 008 | 220704t1990 ||||| |||| 00| 0 eng d | ||
| 999 | |c 436615 |d 436613 | ||
| 020 | |a 90 04 09327 3 (vol.1) | ||
| 020 | |a 90 04 09328 1 (vol. 2) | ||
| 020 | |a 90 04 09330 3 (set) | ||
| 040 | |c Pontificia Universidad Católica de Valparaíso | ||
| 082 | 7 | |a 188 COL 1990 |2 22 | |
| 100 | 1 | |a Colish, Marcia L |e author |9 872065 | |
| 245 | 1 | 4 | |a The stoic tradition from antiquity to the early middle ages. |
| 250 | |a Second impression with addenda and corrigenda. | ||
| 260 | |a Leiden, The Netherlands: |b E.J. Brill, |c 1990. | ||
| 300 | |a 2 volúmenes | ||
| 500 | |a v.1-v.2. c.1 Donación Familia Prof. Alejandro Guzmán Brito. | ||
| 505 | |a v.1 -Sotoicism in Classical Latin Literature. v.2.-Sotoicism in Christian Latin Thought through the Sixth Century. | ||
| 583 | |c 20220704 |k GC | ||
| 650 | |a Estoicos |x Historia |9 872066 | ||
| 650 | |a Teología doctrinal |x Historia |x Iglesia primitiva |y ca. 30-600 |9 872067 | ||
| 942 | |2 ddc |c BK |n 0 | ||
| 952 | |0 0 |1 0 |2 ddc |4 0 |6 188_000000000000000_COL_1990 |7 0 |8 C_AGB |9 584292 |a BIBDER |b BIBDER |d 2022-07-04 |e Donación |h v.1 |i 5652426 |o 188 COL 1990 |p 5652426 |r 2023-01-25 |t 1 |w 2022-07-04 |y BK_US |k AGB | ||
| 952 | |0 0 |1 0 |2 ddc |4 0 |6 188_000000000000000_COL_1990 |7 0 |8 C_AGB |9 584293 |a BIBDER |b BIBDER |d 2022-07-04 |e Donación |h v.2 |i 5652427 |o 188 COL 1990 |p 5652427 |r 2023-01-25 |t 1 |w 2022-07-04 |y BK_US |k AGB | ||